Memòria : que rendeix el secretari de l'ajuntament de la vila de Caldes de Montbui referent als anys 1930 i 1931 : de conformitat a l'ordenat en l'art. 6è del Reglament de Funcionaris Municipals de 23 d'agost de 1924 que rendeix el secretari de l'ajuntament de la vila de Caldes de Montbui referent als anys 1930 i 1931 :
Descripción Física:
11 p. ; 23 cm
MARC
| LEADER | 00000nam a2200000Ia 4500 | ||
|---|---|---|---|
| 001 | 22133 | ||
| 008 | 160829s1932 xx 000 0 cat d | ||
| 080 | |a RF-15-77 | ||
| 245 | |a Memòria : |b que rendeix el secretari de l'ajuntament de la vila de Caldes de Montbui referent als anys 1930 i 1931 : |b de conformitat a l'ordenat en l'art. 6è del Reglament de Funcionaris Municipals de 23 d'agost de 1924 | ||
| 260 | |a Caldes de Montbui : |b J. Pobla, |c 1932 | ||
| 300 | |a 11 p. ; |c 23 cm | ||
| 590 | |a Prové de 3574 | ||
| 610 | 1 | 0 | |a Caldes de Montbui (Catalunya). |b Ajuntament |9 53534 |
| 710 | 1 | |a Caldes de Montbui (Catalunya). |b Ajuntament |9 53534 | |
| 856 | 4 | |u https://media.diba.cat/diba/fitxers/arxiu/fulletons/bib_22133_1932_baixa.pdf |y Accés lliure | |
| 856 | 4 | |u https://media.diba.cat/diba/fitxers/arxiu/fulletons/bib_22133_1932_baixa.pdf |y Accés lliure | |
| 901 | |a Arxiu | ||
| 942 | |n 1 |2 udc | ||
| 952 | |0 0 |1 0 |4 0 |6 RF1577 |7 1 |9 53673 |a Arxiu |b Arxiu |d 2016-12-01 |l 0 |o RF-15-77 |p 22133 |r 2016-12-01 00:00:00 |w 2016-12-01 |y ARXIU | ||
| 999 | |c 57539 |d 57539 | ||
| 900 | |a bib_22133_1932_baixa.pdf | ||